Statystyki dla Kraje najbliżej Gambii

Kliknij tutaj aby rozwiązać quiz!

Ogólne statystyki

  • Ten quiz został rozwiązany 43 razy
  • Średni wynik to 14 z 20

Statystyki odpowiedzi

kmkraj% Poprawnych
0Senegal
93%
74Gwinea
90%
189Mali
90%
61Gwinea Bissau
88%
1357Maroko
88%
665Liberia
85%
1511Niger
85%
1584Algieria
83%
214Mauretania
80%
1868Nigeria
80%
1505Togo
80%
940Burkina Faso
78%
1221Ghana
78%
413Sierra Leone
78%
1615Benin
75%
1548Hiszpania
53%
2099Portugalia
53%
799Sahara Zachodnia
38%
700Cabo Verde
33%
721Côte d'Ivoire
25%

Rozkład punktacji

Percentyl według liczby udzielonych odpowiedzi

Procent ludzi z każdym wynikiem

Twoja historia wyników

Nie rozwiązałeś tego quizu